[Event "ROU-chT Men Superliga 2018"]
[Site "Sovata"]
[Date "2018.12.02"]
[Round "9"]
[White "Istratescu, Andrei"]
[Black "Morozov, Nichita"]
[Result "1/2-1/2"]
[WhiteElo "2565"]
[BlackElo "2439"]
[Annotator "TA"]
[PlyCount "156"]
[EventDate "2018.11.24"]
[EventType "team-tourn"]
[EventCountry "ROU"]
[SourceTitle "playchess.com"]
[Source "ChessBase"]
[SourceQuality "1"]

{[%evp 19,156,2,8,0,2,4,13,17,12,19,21,15,29,16,22,13,17,6,4,6,20,-2,41,37,37,28,29,36,58,62,58,58,62,57,57,57,67,80,83,68,83,45,60,20,20,20,20,20,26,26,26,20,27,12,18,22,53,37,53,53,53,53,53,53,53,37,37,37,37,31,31,31,53,53,53,53,58,53,53,53,53,0,53,53,53,6,58,58,58,58,58,58,58,58,58,58,58,58,58,58,58,58,58,58,58,58,58,52,52,0,58,58,58,58,58,58,58,58,58,58,58,0,58,58,58,58,58,58,58,58,58,58,58,58,58,0,58,0,26]} 1. d4 Nf6 2. c4 e6 3. Nf3 b6 4. g3 Bb7 5. Bg2 Be7 6. O-O O-O 7. Re1 Na6 {[%cal Bb8a6,Ba6c7,Bc7e6][%mdl 32]} 8. a3 {E17: Queen's Indian: 4 g3 Bb7 5 Bg2 Be7} (8. Nc3 Ne4 9. Bf4 Nxc3 10. bxc3 Nb8 11. e4 d6 12. e5 dxe5 13. Nxe5 Bxg2 14. Kxg2 Bd6 15. Qf3 Nd7 16. Rad1 {1-0 (30) Vidit,S (2707)-Bologan,V (2610) Poikovsky 2018}) 8... d5 9. cxd5 exd5 10. Nc3 c5 {LiveBook: 8 Games} 11. Bg5 Nc7 12. e3 $146 ({Predecessor:} 12. dxc5 bxc5 13. Qb3 Qc8 14. Rac1 Ne6 15. Bxf6 Bxf6 16. Nxd5 Bxd5 17. Qxd5 Bxb2 {1-0 (69) Cisneros Alomar,J (2166)-Sabater Moner,G Cala Mendia 2001}) 12... Ne6 13. Bxf6 Bxf6 14. Ne5 a6 15. f4 Re8 16. Rc1 Rc8 17. Rc2 b5 18. Rd2 cxd4 19. exd4 Qd6 20. Ng4 Nc7 (20... Bd8 {looks sharper.} 21. f5 Nc7 22. Rde2 Bg5 23. h4 Be7) 21. Nxf6+ Qxf6 22. Re5 {[%cal Rc3d5]} Qd6 23. Rde2 f6 24. Rxe8+ Rxe8 25. Rxe8+ Nxe8 26. Qb3 {[%cal Rc3d5]} Nc7 27. Kf2 Kf8 28. Ne2 g6 29. Qc3 Ne6 30. Bh3 f5 31. Nc1 (31. Qe3 {seems wilder.} Nd8 32. Bg2 Nf7 33. Nc1 Qc6 34. Nd3) 31... Qc7 32. Qxc7 Nxc7 $11 {[%mdl 4096] Endgame KBN-KBN} 33. Nd3 Ke7 34. Bg2 Bc8 35. h3 Kd6 36. Ne5 Be6 37. Bf1 a5 38. Ke3 Bg8 39. g4 Be6 40. g5 Bd7 41. h4 {[%cal Bh3h4,Bh4h5][%mdl 32]} Be8 42. Bh3 Na8 43. h5 Nb6 44. b3 Nc8 45. h6 Ne7 46. Bf1 Kc7 47. Nd3 Nc6 48. Nc5 {[#] Strongly threatening Ne6+.} Nd8 $1 49. Kd2 Kd6 50. Ke3 Kc7 $1 51. Be2 Kd6 52. a4 b4 (52... bxa4 $11 53. bxa4 Ne6 54. Nb7+ Kc6 55. Nxa5+ Kb6) 53. Bb5 $14 Ke7 54. Nd3 Kf8 55. Ne5 Ke7 56. Kd3 Kf8 57. Bd7 Ke7 58. Bc8 $1 Kd6 59. Ke3 Ke7 60. Nd3 Bd7 61. Ba6 $1 Be8 62. Nc5 Kd6 63. Bc8 Ke7 64. Ba6 Kd6 $1 65. Be2 Ke7 66. Bb5 Kf8 67. Nd3 Ke7 68. Ne5 Kf8 69. Nf3 Ke7 70. Nh4 (70. Bd3 $14) 70... Bd7 (70... Bxb5 $1 $11 71. axb5 Kd7) 71. Be2 Be8 72. Bd3 Bd7 73. Nf3 Be8 74. Ne5 Kd6 75. Ba6 Ke7 76. Nd3 Ke6 77. Nc5+ Kd6 78. Bc8 Ke7 $1 {Precision: White = 64%, Black = 66%.} 1/2-1/2

[Event "ROU-chT Men Superliga 2018"]
[Site "Sovata"]
[Date "2018.12.02"]
[Round "9"]
[White "Marin, Mihail"]
[Black "Patrascu, Catalin-Lucian"]
[Result "1-0"]
[WhiteElo "2555"]
[BlackElo "2268"]
[Annotator "TA"]
[PlyCount "69"]
[EventDate "2018.11.24"]
[EventType "team-tourn"]
[EventCountry "ROU"]
[SourceTitle "playchess.com"]
[Source "ChessBase"]
[SourceQuality "1"]

{[%evp 21,69,-4,8,-29,-31,-45,-10,-52,1,-9,0,-15,0,0,16,9,7,12,22,16,43,41,53,-3,10,0,25,11,11,0,59,47,89,86,92,62,77,14,2,25,460,410,465,460,455,451,439,444,394,402]} 1. c4 e6 2. g3 Nf6 3. Bg2 d5 4. Nf3 Be7 5. O-O O-O 6. b3 b6 7. Bb2 Bb7 8. e3 c5 9. Nc3 Qc8 {A14: English Opening: 1...e6 with b3 by White} 10. Qe2 (10. Rc1 Rd8 11. cxd5 Nxd5 12. Nxd5 Bxd5 13. d4 a5 14. dxc5 bxc5 15. Nh4 Bxg2 16. Qg4 Bf8 17. Nxg2 {½-½ (64) Artemiev,V (2706)-Kramnik,V (2779) Douglas 2018}) 10... Rd8 11. d3 Nc6 {LiveBook: 15 Games. The position is equal.} 12. Ne1 $146 ({Predecessor:} 12. Rfd1 d4 13. exd4 Nxd4 14. Nxd4 cxd4 15. Ne4 Nxe4 16. Bxe4 a5 17. Rab1 Bxe4 18. Qxe4 Qd7 19. Bc1 Bc5 20. Bd2 Re8 21. f4 g6 22. Re1 Bb4 {½-½ (22) Gordievsky,D (2613)-Shankland,S (2671) Greensboro 2017}) 12... d4 13. Nd1 a6 14. e4 b5 ({Black should play} 14... Bd6 $15) 15. f4 Rb8 16. Bc1 bxc4 17. bxc4 Re8 18. Nf3 Nd7 19. Nf2 Nb6 20. Qd1 Nd8 21. g4 Bc6 22. Ne5 (22. g5 $14) 22... Ba4 $1 $11 {[%cal Ra4d1]} 23. Qe1 Nc6 (23... f6 $5 24. Nf3 $8 Nd7 $11) 24. Nxc6 Bxc6 25. g5 f5 (25... Qc7 $11) 26. gxf6 $1 $14 gxf6 27. Ng4 Kh8 28. Qh4 Rg8 {[#]} 29. f5 ({Not} 29. Nxf6 Rg7 $17) (29. Nh6 $1 $16) 29... exf5 $1 $11 30. Rxf5 $40 {[%mdl 128] White has some attack.} ({But not} 30. Nxf6 Rg7 $17) 30... Bd7 $2 {[%mdl 8192] [#]} (30... Nd7 $11) 31. Rh5 $1 $18 {[%csl Gh4][%cal Rh5h7]} Rg7 ({Inferior is} 31... Rxg4 32. Rxh7+ Kg8 33. Qh5 Rxg2+ 34. Kxg2 Bh3+ 35. Kf2 Qf8 36. Rh8+ {[%mdl 64] Skewer} Kg7 37. Qh7#) 32. Nxf6 Bxf6 33. Qxf6 Qc6 34. Qxc6 Bxc6 35. Bf4 {Accuracy: White = 44%, Black = 33%.} 1-0

[Event "ROU-chT Men Superliga 2018"]
[Site "Sovata"]
[Date "2018.12.02"]
[Round "9"]
[White "Tarlev, Konstantin"]
[Black "Lupulescu, Constantin"]
[Result "1/2-1/2"]
[WhiteElo "2554"]
[BlackElo "2601"]
[Annotator "TA"]
[PlyCount "30"]
[EventDate "2018.11.24"]
[EventType "team-tourn"]
[EventCountry "ROU"]
[SourceTitle "playchess.com"]
[Source "ChessBase"]
[SourceQuality "1"]

{[%evp 20,30,13,9,16,15,16,7,20,8,9,5,8]} 1. d4 Nf6 2. c4 e6 3. Nf3 d5 4. Nc3 Bb4 5. e3 O-O 6. Bd3 dxc4 7. Bxc4 c5 8. O-O Nc6 9. dxc5 Bxc5 10. a3 Qxd1 11. Rxd1 {The position is equal.} b6 {D40: Queen's Gambit Declined: Semi-Tarrasch with 5 e3} 12. b4 Be7 13. Bb2 Bb7 14. Rac1 (14. Be2 Rfd8 15. Rxd8+ Rxd8 16. Rd1 Rxd1+ 17. Bxd1 Ne8 {½-½ (69) Thybo,J (2470)-Rasmussen,A (2538) Svendborg 2018}) 14... Rfd8 15. Kf1 $146 ({Predecessor:} 15. Bb3 Rxd1+ {½-½ (15) Letic,S-Khasin,A ICCF corr 1972}) 15... Kf8 1/2-1/2

[Event "ROU-chT Men Superliga 2018"]
[Site "Sovata"]
[Date "2018.12.02"]
[Round "9"]
[White "Shevchenko, Kirill"]
[Black "Visakh N R"]
[Result "1/2-1/2"]
[WhiteElo "2549"]
[BlackElo "2489"]
[Annotator "TA"]
[PlyCount "118"]
[EventDate "2018.11.24"]
[EventType "team-tourn"]
[EventCountry "ROU"]
[SourceTitle "playchess.com"]
[Source "ChessBase"]
[SourceQuality "1"]

{[%evp 24,118,52,42,75,91,77,51,67,65,72,50,117,135,171,167,158,150,203,154,166,140,148,145,148,147,125,140,147,131,123,89,80,87,96,89,128,150,141,118,118,112,117,97,93,47,128,128,147,169,175,175,175,174,166,166,167,154,153,153,129,257,704,663,654,638,509,79,93,8,38,8,8,8,8,8,8,8,8,8,11,11,11,11,18,18,18,26,40,47,55,0,0,0,0,0,0]} 1. e4 e5 2. Nf3 Nc6 3. d4 exd4 4. Bc4 Nf6 5. e5 d5 6. Bb5 Ne4 7. Nxd4 Bd7 8. Bxc6 bxc6 9. O-O Be7 10. f3 {[%cal Bf2f3,Bf3f4,Bf4f5][%mdl 32]} Nc5 11. f4 Ne4 12. f5 c5 13. Ne2 {LiveBook: 7 Games. C56: Two Knights: 4 d4 exd4 5 0-0 Nxe4} c6 (13... Bb5 14. a4 Ba6 15. Nbc3 Nxc3 16. bxc3 Qd7 17. Rf2 O-O-O 18. Nf4 g5 19. Nh5 Rhg8 20. Qg4 Kb8 {1-0 (49) Jones,G (2635)-Naiditsch,A (2693) Baku 2016}) 14. Nd2 Nxd2 15. Qxd2 {White is better.} O-O $146 ({Predecessor:} 15... h6 16. Qc3 f6 17. e6 Bc8 18. Qg3 Kf8 19. Nf4 Rg8 20. Qg6 Qe8 21. Qh7 {1-0 (21) Seppaelae,A-Koski,P (1716) ICCF email 2009}) 16. Qf4 Re8 17. Ng3 ({Of course not} 17. f6 $6 Bxf6 18. exf6 Rxe2 $15) 17... Bf8 ({Better is} 17... Qc7 $14) 18. b3 $16 Qb8 19. Bb2 d4 20. Rae1 a5 (20... Kh8 $16 21. Nh5 f6) 21. Bc1 f6 {[%cal Re8e5]} 22. e6 {Hoping for Qxb8.} Qxf4 23. Bxf4 Bc8 24. Ne4 Ba6 25. Rf3 Rad8 26. Bc7 Rd5 27. c4 dxc3 28. Nxc3 Rd3 29. Ne4 Rxf3 30. gxf3 c4 31. Bd6 cxb3 32. axb3 Bd3 33. Bxf8 Kxf8 34. Rc1 (34. Nd6 {feels hotter.} Re7 35. Rd1 Be2 36. Ra1 Ra7 37. Kf2) 34... Bxe4 (34... Rc8 $14) 35. fxe4 $14 {[%mdl 4096] Endgame KR-KR} Rb8 36. Rxc6 Rb4 37. Rc8+ Ke7 38. Rc7+ Kf8 39. Rf7+ Kg8 40. Ra7 {White threatens Ra8+ and mate.} Kf8 41. Ra8+ $1 ({Much less strong is} 41. Rxa5 $6 Rxe4 42. Kg2 g6 $16) 41... Ke7 {[#]} 42. Rg8 $1 {[%cal Rg8g7]} Rxe4 $2 (42... g6 43. Rg7+ Kf8 44. Rxh7 gxf5) 43. Rxg7+ $18 {[%mdl 64] Double Attack} Kd6 44. Rxh7 Ke5 {[#]} 45. e7 $2 (45. Rg7 $1 $18 {and the rest is easy.} Re3 46. Rg3) 45... Kd6 $16 46. h4 (46. Rf7 $16 Kd7 47. Rxf6 Rg4+ 48. Kf2 Kxe7 49. Kf3) 46... Kd7 $11 47. h5 {Black should prevent Kg2.} a4 48. bxa4 Rxa4 49. Kg2 Rh4 50. Kg3 Rh1 51. Kg4 {White wants to play Rf7.} Ke8 52. Kf4 Rh4+ 53. Kf3 Kd7 54. Ke3 Ke8 55. h6 Kd7 56. Kd3 Ke8 57. Rg7 ({White should try} 57. Kc3 $14) 57... Rxh6 {The position is equal.} 58. Ke4 Rh1 59. Kd5 {Black must now prevent Ke6.} Rd1+ {Accuracy: White = 55%, Black = 65%.} 1/2-1/2

[Event "ROU-chT Men Superliga 2018"]
[Site "Sovata"]
[Date "2018.12.02"]
[Round "9"]
[White "Jianu, Vlad-Cristian"]
[Black "Itkis, Boris"]
[Result "1/2-1/2"]
[WhiteElo "2546"]
[BlackElo "2325"]
[Annotator "TA"]
[PlyCount "31"]
[EventDate "2018.11.24"]
[EventType "team-tourn"]
[EventCountry "ROU"]
[SourceTitle "playchess.com"]
[Source "ChessBase"]
[SourceQuality "1"]

{[%evp 27,31,32,44,0,8,0]} 1. c4 c5 2. Nc3 Nc6 3. g3 g6 4. Bg2 Bg7 5. Nf3 Nf6 6. d4 cxd4 7. Nxd4 O-O 8. O-O Qa5 9. Nc2 d6 10. Bd2 Qh5 11. e4 {A38: Symmetrical English vs ...g6: 4 Bg2 Bg7 5 Nf3 Nf6} Ng4 12. h3 Nge5 13. Ne3 Bxh3 14. Qxh5 gxh5 {[#] LiveBook: 7 Games} 15. Rad1 $146 ({Predecessor:} 15. f4 Bxg2 16. Kxg2 Ng4 17. Nf5 Bxc3 18. Bxc3 e6 19. Nxd6 {½-½ (33) Gledura,B (2613)-Markus,R (2617) Budapest 2017}) 15... Bg4 16. f3 1/2-1/2

[Event "ROU-chT Men Superliga 2018"]
[Site "Sovata"]
[Date "2018.12.02"]
[Round "9"]
[White "Ardelean, George-Catalin"]
[Black "Baltag, Iulian"]
[Result "1-0"]
[WhiteElo "2494"]
[BlackElo "2414"]
[Annotator "TA"]
[PlyCount "83"]
[EventDate "2018.11.24"]
[EventType "team-tourn"]
[EventCountry "ROU"]
[SourceTitle "playchess.com"]
[Source "ChessBase"]
[SourceQuality "1"]

{[%evp 20,83,0,22,0,8,53,53,58,50,59,62,64,56,66,63,67,64,77,0,6,-4,-12,-56,0,0,0,0,0,0,0,19,54,0,0,0,60,46,187,182,218,195,216,191,323,325,494,480,514,512,504,510,508,504,505,493,642,628,710,703,1174,873,3240,2819,1890,1915]} 1. d4 d5 2. Bf4 Nf6 3. e3 e6 4. Nf3 c5 5. c3 Nc6 6. Nbd2 Nh5 7. Bg5 {D02: 1 d4 d5 2 Nf3 sidelines, including 2...Nf6 3 g3 and 2...Nf6 3 Bf4} Qb6 (7... Qc7 8. Ne5 g6 9. Nxc6 bxc6 10. Be2 Rb8 11. Rb1 h6 12. Bh4 g5 13. Bxh5 gxh4 14. O-O Bd6 {1-0 (53) Harikrishna,P (2732)-Navara,D (2727) Prague 2018}) 8. Rb1 h6 9. Bh4 g5 10. Ne5 Nxe5 11. Qxh5 {LiveBook: 3 Games} cxd4 12. exd4 {Threatening Bxg5.} gxh4 (12... Ng6 $5 13. Bg3 $8 e5 $11) 13. dxe5 Rg8 14. Qxh4 Be7 $146 ({Predecessor:} 14... Bd7) 15. Qd4 Bc5 16. Qf4 Rg5 17. g4 $1 Bd7 18. h4 Rg8 19. Rh3 (19. Nb3 $16) 19... O-O-O 20. b4 Be7 21. Qxf7 Rde8 (21... Bxh4 $1 $15 22. Rxh4 Rgf8) 22. Qf4 $11 Ref8 23. Qg3 Rf7 24. Be2 $1 Kb8 25. Qe3 Qc7 26. Nb3 ({Better is} 26. a3 $14) 26... Rgf8 27. f3 Rf4 ({Black should try} 27... h5 $11) 28. Kd2 $1 $14 Rc8 ({Black should play} 28... h5 $14) 29. Nd4 $18 Rcf8 30. Bd3 Qd8 31. Rbh1 h5 (31... a5 $142) 32. gxh5 Rxh4 (32... a5 $142) 33. Rxh4 {White is clearly winning.} Bxh4 34. Rg1 Rg8 35. Rxg8 Qxg8 36. Bg6 Qf8 37. f4 Bd8 {[#]} 38. f5 $1 exf5 39. e6 {[%cal Be5e6,Be6e7][%mdl 32]} Bc8 40. Nxf5 Qg8 41. e7 d4 42. Nxd4 {Accuracy: White = 83%, Black = 47%.} 1-0

[Event "ROU-chT Men Superliga 2018"]
[Site "Sovata"]
[Date "2018.12.02"]
[Round "9"]
[White "Grigore, George-Gabriel"]
[Black "Svetushkin, Dmitry"]
[Result "0-1"]
[WhiteElo "2488"]
[BlackElo "2605"]
[Annotator "TA"]
[PlyCount "108"]
[EventDate "2018.11.24"]
[EventType "team-tourn"]
[EventCountry "ROU"]
[SourceTitle "playchess.com"]
[Source "ChessBase"]
[SourceQuality "1"]

{[%evp 16,108,10,10,55,45,54,28,57,21,23,0,0,0,-11,0,0,0,0,0,0,0,16,0,18,8,17,0,0,0,0,0,-1,-9,-9,-10,-16,-10,-10,-17,-12,-11,0,-20,0,0,0,-9,0,0,0,-8,0,-15,0,-28,-28,-36,-32,-36,0,-37,0,-37,-37,-37,-32,-36,-22,-28,-29,-519,-520,-520,-515,-499,-475,-818,-783,-722,-514,-895,-831,-1765,-1658,-5340,-4281,-12838,-12839,-12837,-12837,-12841,-12839,-12836,-5846]} 1. d4 d5 2. c4 c6 3. Nf3 Nf6 4. cxd5 cxd5 5. Nc3 Nc6 6. Bf4 a6 7. Rc1 Bf5 8. e3 Rc8 9. Ne5 {LiveBook: 84 Games. D13: Slav Defence: Exchange variation without ...Bf5} (9. Be2 e6 10. O-O Nd7 11. Na4 Be7 12. h3 O-O 13. a3 Na5 14. Nc5 Nc4 15. b4 Nxc5 16. dxc5 Nxa3 {1-0 (44) So,W (2778)-Carlsen,M (2843) Stavanger 2018}) 9... Bd7 10. Be2 e6 11. O-O {White is slightly better.} Be7 12. Bg5 $146 ({Predecessor:} 12. a3 O-O 13. b4 Be8 14. Qb3 Nd7 15. Nd3 b5 16. a4 bxa4 17. Nxa4 {1-0 (31) Wagner,A (2275)-Sicars,T (2112) Dortmund 2014}) 12... O-O 13. f4 Ne8 14. Bxe7 Nxe7 15. Bd3 Nd6 16. Qh5 {[%csl Gd3][%cal Rh5h7] [#]} g6 17. Qe2 f6 18. Nf3 Qb6 19. Rc2 Rc7 20. Rfc1 Rfc8 (20... Bb5 $5) 21. Nd2 Nb5 22. Nb3 Nxc3 23. Rxc3 Rxc3 24. Rxc3 Rxc3 25. bxc3 Bb5 26. Bxb5 axb5 27. Qb2 Qc7 28. Nd2 Qc6 29. Qb4 Nf5 30. Kf2 h5 31. a3 b6 32. Ke2 Kf7 33. Kf2 Nd6 34. Ke2 Ke7 35. Kf2 Kd7 36. Ke2 Qa8 37. Qb3 Kc6 38. Qb4 Qa6 39. Ke1 Qa4 40. Qb2 h4 41. h3 Nc4 $36 {[%mdl 2048] White is under pressure.} 42. Nxc4 bxc4 $11 {[%mdl 4096] Endgame KQ-KQ} 43. Kf2 $2 {[%mdl 8192] [#]} (43. Kd2 $1 $11) 43... Qb3 $19 {Black is clearly winning.} 44. Qa1 Kb5 45. a4+ Ka5 46. Kg1 (46. Kf3 $142 Qxa4 47. Qb1) 46... Qxa4 47. Qe1 Qa3 48. Kh2 (48. Kf2 $142 Qb2+ 49. Kf3) 48... b5 49. Qd2 f5 50. Qc2 b4 51. cxb4+ Kxb4 52. Qb1+ Qb3 53. Qa1 c3 54. Qa7 Qa4 {Accuracy: White = 37%, Black = 47%.} (54... Qc4 $142 55. Qb6+ Ka3) 0-1

[Event "ROU-chT Men Superliga 2018"]
[Site "Sovata"]
[Date "2018.12.02"]
[Round "9"]
[White "Gavrilescu, David"]
[Black "Scripcaru, George-Daniel"]
[Result "1-0"]
[WhiteElo "2481"]
[BlackElo "2176"]
[Annotator "TA"]
[PlyCount "49"]
[EventDate "2018.11.24"]
[EventType "team-tourn"]
[EventCountry "ROU"]
[SourceTitle "playchess.com"]
[Source "ChessBase"]
[SourceQuality "1"]

{[%evp 20,49,32,29,31,0,0,0,0,0,2,4,29,26,92,97,92,97,109,109,108,113,118,118,137,132,131,135,128,129,145,143]} 1. e4 c6 2. d4 d5 3. exd5 cxd5 4. Nf3 Bg4 5. h3 Bxf3 6. Qxf3 Nc6 7. c3 e6 8. Bd3 Nf6 9. O-O Bd6 10. Re1 h6 11. Nd2 O-O {B13: Caro-Kann: Exchange Variation and Panov-Botvinnik Attack} 12. Nf1 e5 13. dxe5 Nxe5 {The position is equal.} 14. Qd1 Re8 15. Be3 $146 ({Predecessor:} 15. Bc2 Qb6 16. Rb1 Nc4 17. b3 Rxe1 18. Qxe1 Re8 19. Qd1 {½-½ (40) Sandalakis,A (2350)-Deviatkin,A (2589) Kavala 2009}) 15... Ne4 16. Bd4 Ng6 (16... Nc6 $11 {keeps the balance.}) 17. Bxe4 $16 dxe4 18. Qg4 Qh4 {[#]} 19. Nd2 $1 Qxg4 20. hxg4 Nf4 21. Nxe4 Bf8 22. Rad1 b6 23. f3 Rad8 24. Kf2 Ne6 25. Be3 {Accuracy: White = 89%, Black = 31%.} 1-0

[Event "ROU-chT Men Superliga 2018"]
[Site "Sovata"]
[Date "2018.12.02"]
[Round "9"]
[White "Costachi, Mihnea"]
[Black "Casangiu, Paul-Horatiu"]
[Result "1-0"]
[WhiteElo "2466"]
[BlackElo "2027"]
[Annotator "TA"]
[PlyCount "77"]
[EventDate "2018.11.24"]
[EventType "team-tourn"]
[EventCountry "ROU"]
[SourceTitle "playchess.com"]
[Source "ChessBase"]
[SourceQuality "1"]

{[%evp 18,77,68,66,87,80,110,100,104,91,101,68,71,66,115,114,108,108,101,46,92,35,96,55,80,94,166,126,119,116,87,29,44,53,44,31,83,60,60,56,90,0,0,0,0,0,20,18,42,51,12837,12837,12836,12833,12838,12838,12838,12838,12838,12838,12840,12840]} 1. d4 d5 2. c4 e6 3. Nc3 Nf6 4. cxd5 exd5 5. Bg5 Be7 6. e3 c6 7. Bd3 Ne4 8. Bf4 Nxc3 {D35: Queen's Gambit Declined: Exchange Variation} 9. bxc3 Bd6 10. Ne2 {LiveBook: 5 Games} Bg4 {White is slightly better.} (10... O-O 11. O-O Be6 12. Qb1 b5 13. a4 bxa4 14. Bxh7+ Kh8 15. Bc2 g5 16. Bxd6 Qxd6 {1-0 (28) Navara,D (2735)-Sanikidze,T (2537) Drancy 2016}) 11. f3 Bh5 12. O-O Bg6 $146 ({Predecessor:} 12... O-O 13. Qb1 b5 14. Bxh7+ Kh8 15. Bd3 f6 16. Bxd6 Qxd6 {1-0 (35) Vinal Gutierrez,P (2007)-Sancinena Arpide,J (1663) Pamplona 2017}) 13. e4 O-O 14. e5 Be7 15. Be3 c5 16. Bxg6 hxg6 17. f4 Qd7 18. Ng3 (18. f5 $16) 18... Bh4 19. f5 ({White should play} 19. dxc5 $16 Bxg3 20. hxg3) 19... Bxg3 ({Better is} 19... Nc6 $1 $14) 20. hxg3 $16 gxf5 21. Qh5 {Threatens to win with Rf4.} Qe6 (21... cxd4 $16 22. cxd4 Qc6) 22. Rxf5 {Rg5 is the strong threat.} g6 23. Rg5 {[%cal Bf5g5,Bg5g4,Bg4h4][%mdl 32] And now Kf2 would win.} Kg7 24. Rf1 (24. dxc5 $16 Nc6 25. Rb1) 24... Rh8 $11 25. Qf3 Nd7 26. Rg4 {Hoping for c4.} Rh7 ({Black should try} 26... Raf8 $14) 27. Bg5 ({Much weaker is} 27. dxc5 $6 Rah8 $15) 27... Rah8 28. Rh4 Rh5 29. Bf6+ (29. c4 $1 $16) 29... Nxf6 30. Qxf6+ Qxf6 31. exf6+ Kg8 32. Rxh5 Rxh5 33. dxc5 Rf5 $2 {[%mdl 8192] [#]} (33... Rg5 $14) 34. Rxf5 $1 $18 {White is clearly winning.} gxf5 $11 {KP-KP} 35. Kf2 Kh7 {[#]} 36. Ke3 $1 {[%cal Re3d4]} Kg6 37. Kd4 Kxf6 38. Kxd5 a5 39. Kd6 {Accuracy: White = 52%, Black = 31%.} 1-0

[Event "ROU-chT Men Superliga 2018"]
[Site "Sovata"]
[Date "2018.12.02"]
[Round "9"]
[White "Ionescu, Constantin"]
[Black "Berkes, Ferenc"]
[Result "1/2-1/2"]
[WhiteElo "2432"]
[BlackElo "2662"]
[Annotator "TA"]
[PlyCount "67"]
[EventDate "2018.11.24"]
[EventType "team-tourn"]
[EventCountry "ROU"]
[SourceTitle "playchess.com"]
[Source "ChessBase"]
[SourceQuality "1"]

{[%evp 11,67,31,40,31,66,67,62,63,55,43,51,34,32,29,43,42,41,41,50,45,63,54,60,45,40,43,61,40,42,34,63,34,30,28,18,29,27,27,33,29,57,21,33,21,22,26,26,36,68,60,67,59,77,0,30,0,68,0]} 1. d4 f5 2. g3 Nf6 3. Bg2 e6 4. c4 Be7 5. Nf3 d5 6. O-O Ne4 {LiveBook: 10 Games. A92: Classical Dutch: Classical Stonewall (with ...Be7): Early deviations} 7. Qc2 (7. Nc3 c6 8. Nd2 Nd6 9. b3 Nd7 10. a4 h5 11. b4 h4 12. b5 hxg3 13. hxg3 Nf6 14. Qb3 {0-1 (37) Riazantsev,A (2651)-Rapport,R (2692) Palma de Mallorca 2017}) 7... Nc6 8. Nc3 $146 ({Predecessor:} 8. b3 O-O 9. Bb2 Bd7 10. Nbd2 Be8 11. Rad1 Bh5 12. a3 Bf6 13. b4 Ne7 14. Nb3 {½-½ (49) Rodriguez Alvarez,V (2122)-Rapport,J (2301) Caleta 2015}) 8... Bf6 9. Be3 O-O 10. Rad1 Ne7 11. Qb3 c6 12. Ne5 Nd6 13. c5 Nf7 14. f4 b6 15. Qa3 b5 16. Qb3 a5 17. a3 Bd7 18. Qc2 Be8 19. Bf3 Kh8 20. Kh1 Rg8 21. Rg1 (21. Qc1 {is interesting.} Rf8 22. h3 Bd7 23. Nd3 Kg8 24. Kg1) 21... g5 22. Nxf7+ Bxf7 23. fxg5 Bxg5 24. Bxg5 Rxg5 25. Qd2 Qg8 26. Qe3 Qg7 27. Rdf1 Rg8 28. Nd1 a4 29. Nf2 Qf6 30. Nh3 R5g7 31. Nf4 Rg5 32. Nh3 R5g7 33. Nf4 Rg5 34. Nh3 {Accuracy: White = 44%, Black = 56%.} (34. Rd1 $14) 1/2-1/2

[Event "ROU-chT Men Superliga 2018"]
[Site "Sovata"]
[Date "2018.12.02"]
[Round "9"]
[White "Anton, Teodor"]
[Black "Dobre, Mihai"]
[Result "1-0"]
[WhiteElo "2431"]
[BlackElo "2104"]
[Annotator "TA"]
[PlyCount "93"]
[EventDate "2018.11.24"]
[EventType "team-tourn"]
[EventCountry "ROU"]
[SourceTitle "playchess.com"]
[Source "ChessBase"]
[SourceQuality "1"]

{[%evp 13,93,-42,-31,-51,-15,-31,-8,-19,-24,-26,-29,-14,0,-50,-29,-28,-29,-41,-10,-29,0,0,0,-18,12,0,12,10,12,0,13,-2,0,0,0,0,9,-4,33,35,37,39,46,39,78,58,77,77,84,60,75,20,396,381,486,487,448,269,738,738,729,720,737,710,706,683,736,724,939,942,1320,1273,2508,2352,29974,1673,29972,29972,29989,29990,29995,12437]} 1. Nf3 Nf6 2. d4 e6 3. g3 b6 4. Bg2 Bb7 5. O-O c5 6. c3 Be7 7. a4 O-O {LiveBook: 6 Games. A47: 1 d4 Nf6 2 Nf3 b6: Torre, London and Colle Systems} (7... cxd4 8. cxd4 Nc6 9. Ne5 d5 10. Nxc6 Bxc6 11. Nc3 O-O 12. Bg5 Qd7 13. Qd3 Rac8 14. Rfc1 h6 15. Bxf6 Bxf6 {½-½ (32) Lalith,B (2531)-Short,N (2656) Kolkata 2018}) 8. a5 b5 9. Bf4 $146 ({Predecessor:} 9. dxc5 Bxc5 10. Qb3 a6 11. c4 b4 12. Be3 Qc7 13. Nbd2 d6 14. Bg5 Nbd7 15. Qd3 {0-1 (39) Behrendt,C (2079)-Jurek,J (2325) Schwaebisch Gmuend 2013}) 9... a6 {Black is slightly better.} 10. dxc5 Bxc5 11. Bd6 Bxd6 12. Qxd6 Ne4 13. Qd3 (13. Qf4 {looks sharper.} Nf6 14. Qd6) 13... d5 14. Nbd2 Nd7 15. Rfd1 {[%cal Bf1d1,Bd1d2,Bd2d4][%mdl 32] next Nxe4 is good for White.} Ndc5 16. Qc2 Qc7 17. Nxe4 Nxe4 18. Nd2 {[%cal Rd2e4]} (18. Ne1 {keeps more tension.} Rac8 19. Nd3 Nd6 20. e3 h6 21. Rdc1) 18... Nxd2 19. Rxd2 Rfd8 20. e3 Rd6 21. Rd4 Rc8 22. Rh4 h6 23. Rd4 Qd8 24. Qd2 Rc4 25. Bf1 Rxd4 (25... e5 {is more complex.} 26. Rd3 Bc8 27. Bg2 Be6 28. Rd1 e4) 26. exd4 Qg5 27. f4 $36 {[%mdl 2048] White has the initiative.} Qf6 28. Bd3 g6 29. Re1 Kg7 30. h4 h5 31. Re5 Rd8 32. Qe2 ({White should play} 32. Re2 $16) 32... Bc6 $2 {[%mdl 8192] [#]} (32... Rg8 $11) 33. Bxg6 $1 $18 {[%mdl 576] Deflection} fxg6 ({Not} 33... Kxg6 $2 34. Rg5+ Qxg5 35. hxg5 $18) (33... Qxg6 34. Rg5) 34. Rxe6 Re8 35. Rxf6 Kxf6 $2 {[%mdl 4096] Endgame KQ-KRB} (35... Rxe2 36. Rxc6 Rxb2 37. Rxa6 Rc2) 36. Qf3 Kf5 37. Kf2 Re4 38. Qh1 Kf6 39. Qh3 Re6 40. g4 {[%cal Bg3g4,Bg4h5,Bh5h6,Bh6h7][%mdl 32]} Bd7 41. f5 gxf5 42. gxh5 f4 43. Qg2 Re4 44. Qg6+ Ke7 45. h6 {White mates.} f3 46. h7 Bg4 47. Qxe4+ {Accuracy: White = 64%, Black = 28%.} (47. h8=Q $142 Re2+ 48. Kg3 Re6 49. Qgg7+ Kd6 50. Qd8+ Kc6 51. Qgd7#) 1-0